<?xml version="1.0" encoding="UTF-8"?>
<marc:record xmlns:marc="http://www.loc.gov/MARC21/slim">
   <marc:leader>00000nam a2200000 a 4500</marc:leader>
   <marc:datafield ind1="1" ind2=" " tag="100">
      <marc:subfield code="a">Ware, Bronnie</marc:subfield>
      <marc:subfield code="4">aut</marc:subfield>
      <marc:subfield code="e">Verfasser/-in</marc:subfield>
   </marc:datafield>
   <marc:datafield ind1=" " ind2=" " tag="653">
      <marc:subfield code="a">Sterbebegleitung</marc:subfield>
   </marc:datafield>
   <marc:datafield ind1=" " ind2=" " tag="653">
      <marc:subfield code="a">Lebenshilfe</marc:subfield>
   </marc:datafield>
   <marc:datafield ind1=" " ind2=" " tag="653">
      <marc:subfield code="a">Sterben</marc:subfield>
   </marc:datafield>
   <marc:datafield ind1="0" ind2="0" tag="245">
      <marc:subfield code="a">5 Dinge, die Sterbende am meisten bereuen</marc:subfield>
   </marc:datafield>
   <marc:datafield ind1="0" ind2="0" tag="245">
      <marc:subfield code="b">Einsichten, die Ihr Leben verändern werden</marc:subfield>
   </marc:datafield>
   <marc:datafield ind1="0" ind2="0" tag="245">
      <marc:subfield code="c">Bronnie Ware</marc:subfield>
   </marc:datafield>
   <marc:datafield ind1=" " ind2="1" tag="264">
      <marc:subfield code="a">Stuttgart</marc:subfield>
      <marc:subfield code="b">Goldmann</marc:subfield>
      <marc:subfield code="c">2015</marc:subfield>
   </marc:datafield>
   <marc:datafield ind1="1" ind2=" " tag="490">
      <marc:subfield code="a">Goldmann</marc:subfield>
      <marc:subfield code="v">15752</marc:subfield>
   </marc:datafield>
   <marc:datafield ind1=" " ind2=" " tag="250">
      <marc:subfield code="a">Taschenbuchausg., 1. Aufl.</marc:subfield>
   </marc:datafield>
   <marc:datafield ind1="1" ind2=" " tag="520">
      <marc:subfield code="a">Was zählt am Ende wirklich? Auf dem Sterbebett, wenn klar wird, dass das Leben sich dem Ende zuneigt? Nach vielen Reisen durch die ganze Welt, auf der Suche nach dem, was dem Leben Sinn gibt, findet die Australierin Bronnie Ware eine neue Aufgabe. Sie begleitet Sterbende in den letzten Wochen ihres Lebens. In ihrem Buch erzählt sie von wunderbaren Begegnungen und berührenden Gesprächen, die ihr Leben tiefgreifend verändert haben. Die Menschen, die sie trifft, stellen viel zu oft fest, dass sie ihre eigenen Wünsche hinten angestellt und zu viel gearbeitet haben, dass sie sich zu wenig Zeit für Familie und Freunde genommen und  vor allem  sich nicht erlaubt haben, glücklich zu sein. Es sind Erkenntnisse, die nachdenklich machen und in Erinnerung rufen, worauf es wirklich ankommt, wenn wir mit einem Lächeln aus dem Leben treten wollen. Für sich selbst hat Bronnie Ware nach diesen Erfahrungen entschieden, dass sie nur noch das macht, was sie wirklich will. Ihr ermutigendes Buch hat die Kraft, Veränderungen anzustoßen, um wirklich das Leben zu führen, das wir wollen. Inhalt Vorwort 7 Spuren im Sand, Spuren im Schnee 11 Unerwartete Karriere 26 Das Glück des Loslassens 42 Versäumnis Nummer 1: 61 Ich wünschte, ich hätte den Mut gehabt, mir selbst treu zu bleiben, statt so zu leben, wie andere es von mir erwarteten. 61 Der Einfluss der Umwelt 76 Selbst gemachte Fesseln 90 Versäumnis Nummer 2: 107 Ich wünschte, ich hätte nicht so viel gearbeitet. 107 Gute Absichten und das richtige Ziel 120 Der Segen der Einfachheit 135 Versäumnis Nummer 3: 151 Ich wünschte, ich hätte den Mut gehabt, meinen Gefühlen Ausdruck zu verleihen. 151 Frei von Schuldgefühlen 166 Sicherer Lohn 184 Versäumnis Nummer 4: 197 Ich wünschte, ich hätte den Kontakt zu meinen Freunden gehalten. 197 Freunde bis in den Tod 211 Das Glück ins Leben lassen 227 Versäumnis Nummer 5: 242 Ich wünschte, ich hätte mir mehr Freude gegönnt. 242 Glück ist jetzt 257 Eine Frage der Haltung 273 Zeit für neue Wege 285 Durch die Finsternis zum Licht 303 Ein Leben ohne Reue 320 Lächeln und wissen 337 Dank 350</marc:subfield>
   </marc:datafield>
   <marc:datafield ind1=" " ind2=" " tag="020">
      <marc:subfield code="a">9783442157525</marc:subfield>
      <marc:subfield code="9">9783442157525</marc:subfield>
   </marc:datafield>
   <marc:datafield ind1=" " ind2=" " tag="041">
      <marc:subfield code="a">ger</marc:subfield>
   </marc:datafield>
   <marc:datafield ind1=" " ind2=" " tag="300">
      <marc:subfield code="a">351 S.</marc:subfield>
   </marc:datafield>
</marc:record>
